| 000 | 00387nam a2200145Ia 4500 | ||
|---|---|---|---|
| 008 | 240624s9999 xx 000 0 und d | ||
| 041 | _aeng | ||
| 082 | _a153.1 DOM | ||
| 100 | _aDOMJAN MICHAEL | ||
| 245 | _aPRINCIPLES OF LEARNING AND BEHAVIOR | ||
| 250 | _a(6th ed.) | ||
| 260 |
_c2010 _aAustralia _bWadsworth Cengage Learning |
||
| 300 | _axxi, : 515 : p. : cm. ; 23 | ||
| 365 |
_c _b30 |
||
| 999 |
_c14976 _d14976 |
||